000 00652nam a2200253Ia 4500
008 171120s9999 xx 000 0 und d
020 _a9719344612
050 _a741.23
050 _bB687 2008
100 _aBolaños, Greg
245 _aPastel /
245 _cby Greg Bolaños ; edited by James Hardy and Marlene Aguilar.
250 _aFirst edition
260 _aPhilippines :
260 _bJamayco Publishing House,
260 _c2008
300 _a178 pages :
300 _bcolor illustrations ;
300 _c29cm.
650 _aPastel drawing.
700 _aAguilar, Marlene P.
700 _aHardy, James.
700 _aTitle.
999 _c345421
_d345421